000 00394nam a22001457a 4500
082 _a923.15491
_bMOH
_cL-27, P-3
100 _aMohammad Ahmed
_946179
245 _aMy chief/
_cMohammad Ahmed
250 _avolume1
260 _aLahore,
_bLongmans, green and co.
_c1960
300 _a111p.:
_bill,;
_c15 cm.
526 _a0
_b0
_c0
_d923_154910000000000_MOH
650 _aMCE
_9379
942 _2ddc
_cBK
999 _c549521
_d549521